Návrh modelu pre podporu výučby automatického riadenia

Na minha lista:
Detalhes bibliográficos
Autor principal: Krajčovič, Adam (Author)
Outros Autores: Gašpar, Gabriel (Thesis advisor)
Formato: Manuscrito Livro
Idioma:eslovaco
Publicado em: 2025
Assuntos:
Acesso em linha:http://is.stuba.sk/zp/portal_zp.pl?podrobnosti=183918
Tags: Adicionar Tag
Sem tags, seja o primeiro a adicionar uma tag!

MARC

LEADER 00000ntm a22000003a 4500
001 stuzp102190
003 SK-STU
005 20250614211027.8
007 ta
008 150427s2015----xo-----f-mn---000-0-slo-d
040 |a STU  |b slo 
041 0 |a slo 
100 1 |a Krajčovič, Adam  |u 066000  |4 aut  |U MTF Materiálovotechnologická fakulta  |T MTF Ústav aplikovanej informatiky, automatizácie a mechatroniky  |X 104789  |U M6000  |Y 86  |7 104789 
242 0 1 |a Design of a model to support the teaching of automatic control  |y eng 
245 1 0 |a Návrh modelu pre podporu výučby automatického riadenia 
260 |c 2025 
650 4 |a controller_synthesis  |2 eng 
650 4 |a system_identification  |2 eng 
650 4 |a PWM  |2 eng 
650 4 |a control  |2 eng 
650 4 |a PID  |2 eng 
650 4 |a microcontroller  |2 eng 
650 4 |a PWM  |2 slo 
650 4 |a mikrokontrolér  |2 slo 
650 4 |a syntéza_regulátora  |2 slo 
650 4 |a identifikácia_sústavy  |2 slo 
650 4 |a regulácia  |2 slo 
650 4 |a PID  |2 slo 
700 1 |a Gašpar, Gabriel  |u 066000  |k Z8  |4 ths  |U MTF Materiálovotechnologická fakulta  |T MTF Ústav aplikovanej informatiky, automatizácie a mechatroniky  |X 44945  |U M6000  |Y 86  |7 A000044945 
856 4 |u http://is.stuba.sk/zp/portal_zp.pl?podrobnosti=183918 
996 |c M* DP-15582  |l MMSKP  |s P  |a 0  |w stuzp102190_0001